[Event "27th Summer Universiade 2013 Kazan,Russ"]
[Site "Kazan,Russia"]
[Date "2013.07.10"]
[Round "2.36"]
[White "Gaehler, Marco"]
[Black "Gumpo, Thabo"]
[Result "0-1"]
[WhiteElo "2317"]
[BlackElo "2015"]
[PlyCount "56"]
[EventDate "2013.07.09"]

1. g3 Nf6 2. Bg2 g6 3. d4 d5 4. c4 c6 5. Nc3 Bg7 6. Qb3 e6 7. Nf3 Nbd7 8. O-O
O-O 9. Bf4 Re8 10. Rfe1 h6 11. a4 b6 12. a5 Ba6 13. cxd5 exd5 14. Ne5 Nxe5 15.
Bxe5 Ng4 16. Nxd5 Bxe5 17. dxe5 Nxe5 18. axb6 Bc4 19. Qxc4 Nxc4 20. Nc7 Nxb6
21. Nxa8 Qxa8 22. e3 Rd8 23. Rec1 Nd5 24. Ra6 Nb4 25. Ra4 Qb7 26. Bf3 Rd2 27.
b3 Qb6 28. h4 Rxf2 0-1

[Event "27th Summer Universiade 2013 Kazan,Russ"]
[Site "Kazan,Russia"]
[Date "2013.07.10"]
[Round "2.37"]
[White "Nanjo, Ryosuke"]
[Black "De Mey, Juan Pablo"]
[Result "1-0"]
[WhiteElo "2299"]
[BlackElo "1951"]
[PlyCount "85"]
[EventDate "2013.07.09"]

1. e4 c5 2. Nf3 a6 3. c3 e6 4. d4 d5 5. Nbd2 Nc6 6. Bd3 cxd4 7. cxd4 dxe4 8.
Nxe4 Bb4+ 9. Nc3 Nf6 10. O-O O-O 11. Bg5 h6 12. Bh4 Be7 13. Rc1 Nb4 14. Bb1 Bd7
15. Ne5 Bb5 16. Re1 Nbd5 17. Nxd5 Nxd5 18. Qc2 f5 19. Bxe7 Nxe7 20. a4 Bc6 21.
Nxc6 Nxc6 22. Rcd1 Qd5 23. Qc5 Rad8 24. Qxd5 exd5 25. Kf1 Rf6 26. Ba2 Kf8 27.
Rc1 Rfd6 28. Red1 g6 29. h4 Ke7 30. Rc5 b6 31. Rc3 Kf6 32. Bxd5 Nb4 33. Bb3
Rxd4 34. Re1 R8d6 35. g3 Re4 36. Rxe4 fxe4 37. Rc4 Nd3 38. Rxe4 Nxb2 39. Rf4+
Ke7 40. Rf7+ Kd8 41. Rg7 Nd3 42. Bc2 Nc5 43. f4 1-0

[Event "27th Summer Universiade 2013 Kazan,Russ"]
[Site "Kazan,Russia"]
[Date "2013.07.10"]
[Round "2.38"]
[White "Chaulagain, Purushottam"]
[Black "Schaerer, Julian"]
[Result "0-1"]
[WhiteElo "1923"]
[BlackElo "2294"]
[PlyCount "102"]
[EventDate "2013.07.09"]

1. d4 d5 2. c4 c6 3. Nc3 Nf6 4. Nf3 dxc4 5. a4 Bf5 6. g3 Nbd7 7. Bg2 e6 8. Nd2
a5 9. Nxc4 Nb6 10. Ne5 Bb4 11. O-O h6 12. Na2 Be7 13. Re1 O-O 14. e4 Bh7 15.
Nc3 Rc8 16. Be3 Bb4 17. Qc2 Nbd7 18. Red1 Nd5 19. Bd2 Nxe5 20. dxe5 Qb6 21. Qb3
Bc5 22. Qxb6 Nxb6 23. Ne2 Nc4 24. Bc3 Bb4 25. Rd7 Bxc3 26. bxc3 b6 27. f4 Ne3
28. Bf3 Rfd8 29. Rb7 Nc4 30. Nd4 c5 31. Nb5 Nd2 32. Bg2 Bxe4 33. Rxb6 Bxg2 34.
Kxg2 Nc4 35. Rb7 Rd2+ 36. Kh3 g5 37. Rg1 Ne3 38. Rh1 Kg7 39. Nd6 Rxd6 40. exd6
g4+ 41. Kh4 Kg6 42. Re1 Ng2+ 43. Kxg4 Nxe1 44. Rc7 Rd8 45. Rxc5 Rxd6 46. Rxa5
h5+ 47. Kh3 Rd2 48. Rg5+ Kh6 49. Rg8 f5 50. Rh8+ Kg6 51. g4 Rd3+ 0-1

[Event "27th Summer Universiade 2013 Kazan,Russ"]
[Site "Kazan,Russia"]
[Date "2013.07.10"]
[Round "2.39"]
[White "Gantner, Matthias"]
[Black "Kokome, Oaitse"]
[Result "1-0"]
[WhiteElo "2270"]
[BlackElo "1931"]
[PlyCount "58"]
[EventDate "2013.07.09"]

1. e4 d6 2. d4 Nf6 3. Nc3 g6 4. Nf3 Bg7 5. Be2 O-O 6. O-O Bg4 7. h3 Bxf3 8.
Bxf3 e5 9. dxe5 dxe5 10. Be3 Nbd7 11. Qe2 c6 12. a4 Qe7 13. Qc4 Rfd8 14. a5 Ne8
15. Rfd1 Nc7 16. Qb3 b5 17. axb6 axb6 18. Rxa8 Nxa8 19. Qa4 Qe6 20. Bg5 Rc8 21.
Qa7 Nf8 22. Qb7 Qe8 23. Be3 Ne6 24. Rd7 Bf8 25. Bg4 Nac7 26. Qxc6 Na6 27. Qb5
Nac5 28. Bxe6 fxe6 29. Bxc5 Rxc5 1-0

[Event "27th Summer Universiade 2013 Kazan,Russ"]
[Site "Kazan,Russia"]
[Date "2013.07.10"]
[Round "2.40"]
[White "Hwang, Sungjae"]
[Black "Wyss, Jonas"]
[Result "0-1"]
[WhiteElo "1830"]
[BlackElo "2270"]
[PlyCount "54"]
[EventDate "2013.07.09"]

1. d4 g6 2. e4 Bg7 3. Nc3 c5 4. Nf3 cxd4 5. Nxd4 Nc6 6. Be3 Nf6 7. Nb3 d6 8.
Be2 O-O 9. O-O a6 10. a4 Be6 11. f3 Rc8 12. Nd5 Bxd5 13. exd5 Nb4 14. c4 b5 15.
axb5 axb5 16. Nd2 bxc4 17. Nxc4 Nfxd5 18. Bf2 Nf4 19. Ra4 Rb8 20. Qd2 Nxe2+ 21.
Qxe2 d5 22. Na3 Nc6 23. Rb1 Qd7 24. b4 Nd4 25. Qd1 Ne2+ 26. Kh1 Nc3 27. Ra7
Nxd1 0-1

[Event "27th Summer Universiade 2013 Kazan,Russ"]
[Site "Kazan,Russia"]
[Date "2013.07.10"]
[Round "2.41"]
[White "Kalnins, Kristaps"]
[Black "Malgie, Avikaar"]
[Result "1-0"]
[WhiteElo "2269"]
[BlackElo "1773"]
[PlyCount "37"]
[EventDate "2013.07.09"]

1. e4 c5 2. Nf3 e6 3. d4 cxd4 4. Nxd4 Nc6 5. Nc3 a6 6. a3 Nf6 7. Be3 d5 8. exd5
exd5 9. Be2 g6 10. O-O Ne7 11. Bf3 Bg7 12. Qd2 O-O 13. Rad1 Nf5 14. Nxf5 Bxf5
15. Nxd5 Nxd5 16. Bxd5 Qc7 17. c4 Rfe8 18. Rfe1 Be4 19. Bf4 1-0

[Event "27th Summer Universiade in Kazan (Men)"]
[Site "Kazan"]
[Date "2013.07.10"]
[Round "3.1"]
[White "Tomczak, Jacek"]
[Black "So, Wesley"]
[Result "1/2-1/2"]
[WhiteElo "2564"]
[BlackElo "2708"]
[PlyCount "51"]
[EventDate "2013.??.??"]

1. e4 c5 2. Nf3 d6 3. d4 cxd4 4. Nxd4 Nf6 5. Nc3 a6 6. Bc4 e6 7. Bb3 Be7 8. f4
O-O 9. Qf3 Qc7 10. Be3 b5 11. e5 Bb7 12. exf6 Bxf3 13. fxe7 Qxe7 14. Nxf3 Nd7
15. O-O Nc5 16. f5 Nxb3 17. axb3 b4 18. Na4 exf5 19. Rae1 Qc7 20. Nd4 g6 21. c3
bxc3 22. bxc3 Rac8 23. Ne2 Rb8 24. Nd4 Rbc8 25. Ne2 Rb8 26. Nd4 1/2-1/2

[Event "27th Summer Universiade in Kazan (Men)"]
[Site "Kazan"]
[Date "2013.07.10"]
[Round "3.2"]
[White "Li, Chao B"]
[Black "Tazbir, Marcin"]
[Result "1-0"]
[WhiteElo "2686"]
[BlackElo "2561"]
[PlyCount "75"]
[EventDate "2013.??.??"]

1. Nf3 Nf6 2. c4 g6 3. Nc3 d5 4. Qa4+ c6 5. cxd5 Nxd5 6. Qd4 f6 7. e4 Nc7 8.
Qxd8+ Kxd8 9. d4 Bg4 10. Be3 Nd7 11. h4 h5 12. Nh2 Be6 13. g3 Ke8 14. O-O-O Nb6
15. b3 Rd8 16. Kb2 Bh6 17. Bxh6 Rxh6 18. Be2 Rh8 19. Nf1 Nc8 20. Ne3 Nd6 21. f3
Kf7 22. Rd2 Nc8 23. Rhd1 Kg7 24. Na4 Nd6 25. Rc2 Nde8 26. Bf1 Bc8 27. Nc3 Nd6
28. a4 f5 29. e5 Nf7 30. f4 e6 31. Nb5 Ne8 32. Nxa7 Bd7 33. Nc4 Nc7 34. Bg2 Nd5
35. Bxd5 exd5 36. Nb6 Be6 37. a5 Rhe8 38. b4 1-0

[Event "27th Summer Universiade in Kazan (Men)"]
[Site "Kazan"]
[Date "2013.07.10"]
[Round "3.3"]
[White "Hovhannisyan, Robert"]
[Black "Bulski, Krzysztof"]
[Result "1/2-1/2"]
[WhiteElo "2620"]
[BlackElo "2534"]
[PlyCount "79"]
[EventDate "2013.??.??"]

1. e4 c5 2. Nf3 d6 3. d4 cxd4 4. Nxd4 Nf6 5. Nc3 g6 6. Be3 Bg7 7. Be2 O-O 8.
Qd2 Nc6 9. O-O-O Ng4 10. Bxg4 Bxg4 11. f3 Bd7 12. Nxc6 bxc6 13. Bd4 Bxd4 14.
Qxd4 Be6 15. h4 Qa5 16. h5 g5 17. g3 Rab8 18. b3 f6 19. Kb2 Rb4 20. Qe3 Qb6 21.
Qxb6 Rxb6 22. g4 Rfb8 23. Rd4 Rb4 24. Rxb4 Rxb4 25. a3 Rb7 26. Rd1 c5 27. Nd5
Kf7 28. Kc3 Bd7 29. b4 cxb4+ 30. axb4 Bb5 31. Kd2 Bc6 32. c3 a5 33. Rb1 Ke6 34.
Ne3 axb4 35. cxb4 Kd7 36. Nc4 Rb8 37. Na5 Bb5 38. Nb3 Bc4 39. Nd4 d5 40. Nc2
1/2-1/2

[Event "27th Summer Universiade in Kazan (Men)"]
[Site "Kazan"]
[Date "2013.07.10"]
[Round "3.5"]
[White "Zhou, Jianchao"]
[Black "Atabayev, Maksat"]
[Result "1/2-1/2"]
[WhiteElo "2572"]
[BlackElo "2460"]
[PlyCount "61"]
[EventDate "2013.??.??"]

1. d4 Nf6 2. c4 d6 3. Nf3 Nbd7 4. Nc3 e5 5. e4 c6 6. Be2 Be7 7. O-O O-O 8. Re1
Qc7 9. Bf1 b6 10. d5 Bb7 11. Be3 cxd5 12. cxd5 Rfc8 13. Nd2 Qd8 14. Rc1 Ne8 15.
b4 Bg5 16. Nc4 a6 17. Qd2 Bxe3 18. Qxe3 Rc7 19. g3 Rac8 20. Nb1 h6 21. Qa3 a5
22. Nbd2 axb4 23. Qxb4 Ba6 24. Rb1 Bxc4 25. Nxc4 Rc5 26. a4 Rb8 27. Bh3 Qc7 28.
Na3 Ndf6 29. Nb5 Qe7 30. Rbc1 Nc7 31. Rxc5 1/2-1/2

[Event "27th Summer Universiade in Kazan (Men)"]
[Site "Kazan"]
[Date "2013.07.10"]
[Round "3.6"]
[White "Baryshpolets, Andrey"]
[Black "Moranda, Wojciech"]
[Result "1/2-1/2"]
[WhiteElo "2544"]
[BlackElo "2570"]
[PlyCount "64"]
[EventDate "2013.??.??"]

1. d4 d5 2. c4 e6 3. Nf3 c5 4. cxd5 exd5 5. g3 Nc6 6. Bg2 Nf6 7. O-O Be7 8. Nc3
O-O 9. dxc5 Bxc5 10. Na4 Be7 11. Be3 Bg4 12. Rc1 Re8 13. Nc5 Qb6 14. Nb3 Qa6
15. a3 Rac8 16. Re1 b6 17. Nbd4 Nxd4 18. Bxd4 Ne4 19. Rxc8 Rxc8 20. Ne5 Be6 21.
Nd3 Qc4 22. Nf4 Qc2 23. Qd3 Bf6 24. Bxf6 Nxf6 25. Qd4 Qc4 26. Qe5 Qc7 27. Qxc7
Rxc7 28. Rd1 Kf8 29. Nxd5 Nxd5 30. Bxd5 Bxd5 31. Rxd5 Rc2 32. b4 Rxe2 1/2-1/2

[Event "27th Summer Universiade in Kazan (Men)"]
[Site "Kazan"]
[Date "2013.07.10"]
[Round "3.8"]
[White "Alekseev, Evgeny"]
[Black "Perez Ponsa, Federico"]
[Result "1/2-1/2"]
[WhiteElo "2714"]
[BlackElo "2488"]
[PlyCount "73"]
[EventDate "2013.??.??"]

1. e4 c5 2. Nf3 d6 3. d4 cxd4 4. Qxd4 Nf6 5. Bb5+ Bd7 6. c4 g6 7. Nc3 Bg7 8.
O-O O-O 9. Qd3 a6 10. Bxd7 Nbxd7 11. Qe2 Rc8 12. Bd2 Re8 13. Rfd1 Qc7 14. b3 b6
15. Rac1 Qb7 16. Re1 Nc5 17. h3 Rb8 18. Bf4 Rbd8 19. Bh2 Qa8 20. Qc2 Qb7 21.
Rcd1 Ncd7 22. Qd3 Rc8 23. Re2 Qa8 24. Nd5 Nc5 25. Qe3 Nxd5 26. Rxd5 b5 27. cxb5
axb5 28. Rd1 Ne6 29. e5 d5 30. Bf4 Red8 31. Nd4 Nxd4 32. Qxd4 e6 33. Bg5 Rd7
34. h4 Rdc7 35. Rdd2 Rc1+ 36. Kh2 Qc6 37. h5 1/2-1/2

[Event "27th Summer Universiade in Kazan (Men)"]
[Site "Kazan"]
[Date "2013.07.10"]
[Round "3.9"]
[White "Batchuluun, Tsegmed"]
[Black "Matlakov, Maxim"]
[Result "1/2-1/2"]
[WhiteElo "2517"]
[BlackElo "2665"]
[PlyCount "85"]
[EventDate "2013.??.??"]

1. d4 d5 2. c4 c6 3. Nf3 Nf6 4. Nc3 a6 5. c5 Bf5 6. Bf4 Nbd7 7. h3 e6 8. e3 Be7
9. Bd3 Bxd3 10. Qxd3 b6 11. b4 O-O 12. O-O Qc8 13. Rfc1 a5 14. a3 Qb7 15. Nd2
Rfc8 16. Rab1 axb4 17. axb4 Ra3 18. Qc2 bxc5 19. bxc5 Qa6 20. Rb3 Bd8 21. Rcb1
h6 22. Rxa3 Qxa3 23. Qb3 Qxb3 24. Nxb3 g5 25. Bh2 Bc7 26. Bxc7 Rxc7 27. Na5 Kg7
28. Rb2 e5 29. Na2 Ng8 30. Rb7 Rxb7 31. Nxb7 Ne7 32. Nb4 exd4 33. exd4 Nb8 34.
g4 h5 35. Kg2 hxg4 36. hxg4 f6 37. f4 gxf4 38. Kf3 Kf7 39. Nd8+ Ke8 40. Ne6 Kf7
41. Nd8+ Ke8 42. Ne6 Kf7 43. Nd8+ 1/2-1/2

[Event "27th Summer Universiade in Kazan (Men)"]
[Site "Kazan"]
[Date "2013.07.10"]
[Round "3.10"]
[White "Yu, Yangyi"]
[Black "Petenyi, Tamas"]
[Result "1/2-1/2"]
[WhiteElo "2657"]
[BlackElo "2480"]
[PlyCount "67"]
[EventDate "2013.??.??"]

1. e4 e5 2. Nf3 Nc6 3. d4 exd4 4. Nxd4 Bc5 5. Nb3 Bb6 6. Nc3 d6 7. Qe2 Nge7 8.
Bg5 f6 9. Bh4 Be6 10. O-O-O Qd7 11. f3 O-O-O 12. Na4 Ng6 13. Bg3 Qf7 14. Nxb6+
axb6 15. Nd4 Nxd4 16. Rxd4 f5 17. Qd3 Bd7 18. Qa3 Bc6 19. Bc4 Qf6 20. Rhd1 fxe4
21. fxe4 Ne5 22. Bd5 Rhe8 23. Kb1 h5 24. Be1 Qg5 25. g3 Qg4 26. Bc3 Kb8 27. Rc1
Qe2 28. Bxc6 Nxc6 29. Ra4 Kc8 30. Re1 Qf2 31. Qb3 Kb8 32. Qa3 Kc8 33. Qb3 Kb8
34. Qa3 1/2-1/2

[Event "27th Summer Universiade in Kazan (Men)"]
[Site "Kazan"]
[Date "2013.07.10"]
[Round "3.12"]
[White "Nestorovic, Nikola"]
[Black "Andriasian, Zaven"]
[Result "0-1"]
[WhiteElo "2461"]
[BlackElo "2620"]
[PlyCount "134"]
[EventDate "2013.??.??"]

1. e4 c5 2. Nf3 d6 3. d4 cxd4 4. Nxd4 Nf6 5. Nc3 a6 6. Be2 g6 7. a4 Bg7 8. O-O
O-O 9. Bg5 Nc6 10. Nb3 Be6 11. Qd2 Rc8 12. Ra3 Ne5 13. Nd4 Bc4 14. b3 Bxe2 15.
Ndxe2 Qa5 16. Ra2 Nc6 17. Rd1 Rfe8 18. h3 e6 19. Be3 Red8 20. Qe1 Nxe4 21. Nxe4
Qxe1+ 22. Rxe1 Nb4 23. Rea1 d5 24. N4g3 Bxa1 25. Rxa1 Nxc2 26. Rd1 Nxe3 27.
fxe3 Kg7 28. Rd3 f5 29. Nc3 Rd6 30. Nge2 Rcd8 31. Kf2 e5 32. a5 b6 33. axb6
Rxb6 34. Na4 Rb5 35. Ke1 Kh6 36. Kd2 Kg5 37. Kc2 Rb7 38. Kd2 Kh4 39. Nc5 Rb6
40. Na4 Rc6 41. Nac3 Rcd6 42. Ke1 Kg5 43. Kf2 Kf6 44. Ke1 h5 45. h4 g5 46.
hxg5+ Kxg5 47. Kf2 Kf6 48. g3 Ke6 49. Na4 Rc8 50. Nac3 Rc5 51. Ke1 a5 52. Kd2
Rdc6 53. Kc2 Rb6 54. Kb2 Rb4 55. Rd1 h4 56. Rh1 Rcc4 57. Kc2 Rc8 58. Kb2 Rcb8
59. gxh4 Rxb3+ 60. Ka2 R3b4 61. Rd1 Rxh4 62. Rxd5 Rh3 63. e4 f4 64. Rxa5 f3 65.
Ra6+ Kf7 66. Ra7+ Kg8 67. Ra6 fxe2 0-1

[Event "27th Summer Universiade in Kazan (Men)"]
[Site "Kazan"]
[Date "2013.07.10"]
[Round "3.14"]
[White "Ma, Qun"]
[Black "Ibarra Chami, Luis Fernando"]
[Result "1-0"]
[WhiteElo "2584"]
[BlackElo "2482"]
[PlyCount "79"]
[EventDate "2013.??.??"]

1. e4 c5 2. Nf3 d6 3. d4 cxd4 4. Nxd4 Nf6 5. Nc3 Nc6 6. Bc4 Bd7 7. Bb3 g6 8. f3
Nxd4 9. Qxd4 Bg7 10. Be3 O-O 11. Qd2 b5 12. Bd4 a5 13. a4 b4 14. Nd5 Nxd5 15.
Bxg7 Kxg7 16. exd5 e5 17. dxe6 Bxe6 18. Bxe6 fxe6 19. O-O-O d5 20. h4 Qf6 21.
Kb1 Rab8 22. Qe3 Rfc8 23. Rd3 Rb7 24. h5 Rbc7 25. hxg6 Qxg6 26. Qe5+ Kf7 27. f4
Qg7 28. Qh5+ Kg8 29. Qh4 Kh8 30. Rg3 Qf7 31. Rg5 Rf8 32. Rh5 Qg6 33. f5 exf5
34. Qd4+ Qf6 35. Qxd5 Rg7 36. Qxa5 Rff7 37. Qd5 Qg6 38. Qd8+ Rg8 39. Qd4+ Rgg7
40. Rh6 1-0

[Event "27th Summer Universiade in Kazan (Men)"]
[Site "Kazan"]
[Date "2013.07.10"]
[Round "3.15"]
[White "Rzayev, Bahruz"]
[Black "Margvelashvili, Giorgi"]
[Result "1/2-1/2"]
[WhiteElo "2429"]
[BlackElo "2548"]
[PlyCount "42"]
[EventDate "2013.??.??"]

1. Nf3 Nf6 2. c4 b6 3. g3 c5 4. Bg2 Bb7 5. O-O e6 6. Nc3 Be7 7. d4 cxd4 8. Nxd4
Bxg2 9. Kxg2 Qc8 10. b3 Qb7+ 11. f3 a6 12. e4 d6 13. Bb2 O-O 14. Qe2 Rc8 15.
Rad1 Nc6 16. Nxc6 Rxc6 17. a4 Rac8 18. e5 dxe5 19. Qxe5 Ne8 20. Qe2 Bf6 21. Rd3
Bxc3 1/2-1/2

[Event "27th Summer Universiade in Kazan (Men)"]
[Site "Kazan"]
[Date "2013.07.10"]
[Round "3.16"]
[White "Sjugirov, Sanan"]
[Black "Nanjo, Ryosuke"]
[Result "1-0"]
[WhiteElo "2647"]
[BlackElo "2299"]
[PlyCount "75"]
[EventDate "2013.??.??"]

1. e4 c5 2. Nf3 d6 3. Bb5+ Nd7 4. d4 cxd4 5. Qxd4 Ngf6 6. Bg5 e6 7. c4 Be7 8.
Nc3 O-O 9. Bxd7 Qxd7 10. O-O a6 11. Rfd1 Rd8 12. Qb6 Qc6 13. Qxc6 bxc6 14. e5
dxe5 15. Rxd8+ Bxd8 16. Rd1 Be7 17. Nxe5 Bb7 18. Na4 Kf8 19. Be3 Ne4 20. f3 Nf6
21. Bc5 Rb8 22. Nd7+ Nxd7 23. Rxd7 Bxc5+ 24. Nxc5 Bc8 25. Rc7 Ke8 26. b3 e5 27.
g4 h5 28. h3 hxg4 29. hxg4 a5 30. Kf2 a4 31. Nxa4 e4 32. Nc5 exf3 33. Kxf3 g6
34. Kf4 f6 35. Rh7 Kd8 36. g5 fxg5+ 37. Kxg5 Ra8 38. Ne6+ 1-0

[Event "27th Summer Universiade in Kazan (Men)"]
[Site "Kazan"]
[Date "2013.07.10"]
[Round "3.17"]
[White "Jurcik, Marian"]
[Black "Stanciu, Alexandru-Ovidiu"]
[Result "0-1"]
[WhiteElo "2512"]
[BlackElo "2346"]
[PlyCount "96"]
[EventDate "2013.??.??"]

1. e4 c5 2. Nf3 d6 3. d4 cxd4 4. Nxd4 Nf6 5. Nc3 Nc6 6. Bc4 e6 7. Be3 a6 8. Bb3
Qc7 9. f4 b5 10. f5 b4 11. Na4 e5 12. Nxc6 Qxc6 13. Nb6 Qxe4 14. Qd2 Ng4 15.
O-O-O Qxe3 16. Nxa8 Bxf5 17. Nc7+ Kd7 18. Nxa6 Qb6 19. Nxb4 g6 20. Nd5 Qc5 21.
Ba4+ Ke6 22. Kb1 Bh6 23. Qe2 Rb8 24. h3 Nf2 25. g4 Be4 26. Rhf1 Nxd1 27. Qxe4
Nf2 28. Qf3 e4 29. Qxf2 Qxf2 30. Nc7+ Ke5 31. Rxf2 f5 32. c4 Rc8 33. gxf5 Rxc7
34. fxg6 Rxc4 35. Bc2 hxg6 36. Rg2 Kf5 37. Rf2+ Bf4 38. a4 d5 39. a5 d4 40. Bb3
Rc1+ 41. Ka2 Rc5 42. Bd1 Rxa5+ 43. Kb3 d3 44. Kc4 Ra1 45. Rf1 Ke5 46. b4 Rc1+
47. Kb3 e3 48. Kb2 e2 0-1

[Event "27th Summer Universiade in Kazan (Men)"]
[Site "Kazan"]
[Date "2013.07.10"]
[Round "3.19"]
[White "Kantans, Toms"]
[Black "Mammadov, Zaur"]
[Result "1/2-1/2"]
[WhiteElo "2343"]
[BlackElo "2437"]
[PlyCount "163"]
[EventDate "2013.??.??"]

1. e4 e6 2. d4 d5 3. Nc3 Nf6 4. Bg5 dxe4 5. Nxe4 Be7 6. Bxf6 gxf6 7. Nf3 f5 8.
Ng3 Qd6 9. Qd2 Nd7 10. O-O-O b6 11. d5 Bb7 12. Bc4 O-O-O 13. dxe6 Qxd2+ 14.
Rxd2 fxe6 15. Bxe6 Bxf3 16. Rxd7 Bg5+ 17. Kb1 Bxg2 18. Rxd8+ Kxd8 19. Rd1+ Ke7
20. Bxf5 Bc6 21. Re1+ Kf7 22. Bd3 Rd8 23. f4 Bf6 24. Kc1 Rd4 25. Nh5 Bh8 26.
Re3 Rd6 27. c3 a5 28. Bc4+ Kf8 29. Be6 Ba4 30. b3 Be8 31. Ng3 Bf6 32. Bf5 Rc6
33. Kc2 Bg7 34. Ne4 h6 35. Rd3 Ke7 36. Rg3 Kf8 37. Kd3 b5 38. Bc8 Bf7 39. Bd7
Rb6 40. Kc2 a4 41. Nc5 axb3+ 42. axb3 b4 43. Bh3 Kg8 44. cxb4 Rxb4 45. Ne6 Bxe6
46. Bxe6+ Kf8 47. Bc4 Rb8 48. Kd3 Rd8+ 49. Ke4 Rd2 50. h3 c5 51. Rg6 Bc3 52.
Rc6 Rd4+ 53. Kf3 Bd2 54. Rf6+ Ke7 55. Rf7+ Ke8 56. Rf5 Ke7 57. Kg4 Bc1 58. Re5+
Kd6 59. Re6+ Kd7 60. Rf6 Ke7 61. Rf7+ Ke8 62. Rf5 Ke7 63. Kg3 Bd2 64. Rf7+ Ke8
65. Be6 h5 66. f5 Rf4 67. Rh7 h4+ 68. Rxh4 Rxh4 69. Kxh4 Ke7 70. Kg4 Kf6 71.
Kf3 Bc1 72. Ke4 Bd2 73. Bd7 Bc1 74. Kd5 Be3 75. h4 Bf2 76. h5 Be3 77. Bc8 Bf2
78. Ke4 Kg5 79. Ke5 Kxh5 80. f6 Kg6 81. Ke6 Bh4 82. f7 1/2-1/2

[Event "27th Summer Universiade in Kazan (Men)"]
[Site "Kazan"]
[Date "2013.07.10"]
[Round "3.20"]
[White "Atabayev, Yusup"]
[Black "Gantner, Matthias"]
[Result "1/2-1/2"]
[WhiteElo "2431"]
[BlackElo "2270"]
[PlyCount "92"]
[EventDate "2013.??.??"]

1. e4 c5 2. Nf3 d6 3. d4 cxd4 4. Nxd4 Nf6 5. Nc3 a6 6. Be2 e5 7. Nb3 Be7 8. Be3
Nbd7 9. g4 h6 10. h4 b5 11. Bf3 b4 12. Ne2 Nb6 13. Ng3 Nc4 14. Bc1 Be6 15. Nf5
Kf8 16. Nxe7 Kxe7 17. Nd2 Rc8 18. b3 Nxd2 19. Bxd2 Qb6 20. a3 bxa3 21. Rxa3 Qc6
22. c4 Bxg4 23. O-O Bxf3 24. Qxf3 Qxe4 25. Qh3 Rc6 26. f4 Qg6+ 27. Kh1 Qg4 28.
Qh2 Nh5 29. b4 Rxc4 30. fxe5 Qe4+ 31. Kg1 dxe5 32. Rxa6 Qg4+ 33. Qg2 Qxg2+ 34.
Kxg2 Rhc8 35. b5 Nf6 36. b6 Rc2 37. Rf2 Rb2 38. Be3 Rb5 39. Ra7+ Ke6 40. Rc7
Rxc7 41. bxc7 Kd7 42. Bxh6 gxh6 43. Rxf6 Kxc7 44. Rxf7+ Kd8 45. Rf6 Ke7 46.
Rxh6 Kf7 1/2-1/2

[Event "27th Summer Universiade in Kazan (Men)"]
[Site "Kazan"]
[Date "2013.07.10"]
[Round "3.21"]
[White "Sarenac, Ivan"]
[Black "Kalnins, Kristaps"]
[Result "1/2-1/2"]
[WhiteElo "2410"]
[BlackElo "2269"]
[PlyCount "48"]
[EventDate "2013.??.??"]

1. e4 e5 2. Nf3 Nc6 3. Nc3 Nf6 4. Be2 d5 5. exd5 Nxd5 6. O-O Nxc3 7. bxc3 e4 8.
Nd4 Nxd4 9. cxd4 Qxd4 10. c3 Qd5 11. d4 Be7 12. c4 Qf5 13. f3 O-O 14. fxe4 Qxe4
15. Bf3 Qg6 16. Bf4 Bd6 17. Qd2 Bxf4 18. Qxf4 Qd6 19. Qxd6 cxd6 20. Rae1 Be6
21. Bxb7 Rab8 22. d5 Rxb7 23. dxe6 fxe6 24. Rxe6 Rc7 1/2-1/2

[Event "27th Summer Universiade in Kazan (Men)"]
[Site "Kazan"]
[Date "2013.07.10"]
[Round "3.22"]
[White "Schaerer, Julian"]
[Black "Mazur, Stefan"]
[Result "1/2-1/2"]
[WhiteElo "2294"]
[BlackElo "2409"]
[PlyCount "170"]
[EventDate "2013.??.??"]

1. e4 e5 2. Nf3 Nc6 3. Nc3 Nf6 4. Bb5 Bd6 5. a3 O-O 6. d3 h6 7. O-O Ne7 8. d4
Ng6 9. dxe5 Nxe5 10. Nd4 Bc5 11. Na4 d6 12. Nxc5 dxc5 13. Nf3 Qe7 14. Nxe5 Qxe5
15. Re1 c4 16. Bxc4 Ng4 17. g3 Qc5 18. Qe2 Ne5 19. Bd3 Bg4 20. Qe3 Nf3+ 21. Kg2
Qh5 22. h4 Nxe1+ 23. Qxe1 Bf3+ 24. Kh2 Rae8 25. Qe3 f5 26. Qc5 fxe4 27. Bc4+
Kh8 28. Qxa7 e3 29. Bxe3 Bc6 30. Rg1 Re4 31. Bf1 Qe5 32. Qc5 Rxh4+ 33. Bh3
Rxh3+ 34. Kxh3 Qe6+ 35. g4 Rd8 36. Qf5 Qe7 37. Kg3 Rf8 38. Bc5 Rxf5 39. Bxe7
Rf3+ 40. Kh2 Rxf2+ 41. Kh3 Rxc2 42. b4 Rc3+ 43. Rg3 Rc1 44. g5 h5 45. Re3 Kh7
46. Bc5 Rh1+ 47. Kg3 h4+ 48. Kg4 Bd7+ 49. Kf4 Kg6 50. Re7 Rf1+ 51. Ke3 Re1+ 52.
Kf2 Rxe7 53. Bxe7 Kf5 54. Bd8 g6 55. Kg2 Kg4 56. Kh2 Ba4 57. Kg1 c6 58. Kh2 Bc2
59. Kg2 Ba4 60. Kh2 Bb3 61. Kg2 Bd5+ 62. Kh2 Bb3 63. Kg2 b5 64. Kh2 Be6 65. Be7
Kf3 66. Bd6 Ke4 67. Bc5 Kd3 68. Bf2 h3 69. Bc5 Kc4 70. Be3 Kb3 71. Bc5 Kxa3 72.
Bd6 Kb3 73. Bc5 Kc4 74. Kg3 Kd5 75. Be7 Ke4 76. Bc5 Bg4 77. Be7 Kf5 78. Kh2 Kf4
79. Kg1 c5 80. Bxc5 Kxg5 81. Kh2 Kf4 82. Bd6+ Kf3 83. Bg3 Be6 84. Bd6 g5 85.
Be7 g4 1/2-1/2

[Event "27th Summer Universiade in Kazan (Men)"]
[Site "Kazan"]
[Date "2013.07.10"]
[Round "3.23"]
[White "Wyss, Jonas"]
[Black "Munkhgal, Gombosuren"]
[Result "0-1"]
[WhiteElo "2270"]
[BlackElo "2406"]
[PlyCount "86"]
[EventDate "2013.??.??"]

1. e4 e6 2. d4 d5 3. Nc3 Nf6 4. e5 Nfd7 5. f4 c5 6. Nf3 Nc6 7. Be3 Be7 8. dxc5
Nxc5 9. Be2 O-O 10. O-O b6 11. Bb5 Bb7 12. a3 Rc8 13. Qe1 Ba6 14. Bxa6 Nxa6 15.
b4 Nc7 16. Rd1 f6 17. exf6 Bxf6 18. Ne4 Nb5 19. Bc1 Qe7 20. Nxf6+ Qxf6 21. Rd3
Nd6 22. Ng5 Rfe8 23. Bd2 h6 24. Bc3 Qf5 25. g4 Qg6 26. Nf3 Qxg4+ 27. Kh1 Nf5
28. Ne5 Nxe5 29. Qxe5 Qh5 30. Rg1 Re7 31. b5 d4 32. Bxd4 Rxc2 33. h3 Kh7 34.
Bc3 Re2 35. Qb8 Re3 36. Rxe3 Nxe3 37. Kh2 Qe2+ 38. Kh1 Qf3+ 39. Kh2 Nf1+ 40.
Rxf1 Qxf1 41. Qe5 Qf2+ 42. Kh1 Qf3+ 43. Kh2 Rf7 0-1

[Event "27th Summer Universiade in Kazan (Men)"]
[Site "Kazan"]
[Date "2013.07.10"]
[Round "3.24"]
[White "Esenov, Annaberdi"]
[Black "Lapcevic, Milos"]
[Result "0-1"]
[WhiteElo "2255"]
[BlackElo "2403"]
[PlyCount "117"]
[EventDate "2013.??.??"]

1. e4 c5 2. Nf3 d6 3. d4 cxd4 4. Nxd4 Nf6 5. Nc3 a6 6. Bc4 e6 7. O-O b5 8. Bb3
Be7 9. f4 b4 10. Na4 O-O 11. Be3 Bb7 12. e5 dxe5 13. Nxe6 fxe6 14. Bxe6+ Kh8
15. fxe5 Nfd7 16. Qh5 Be4 17. Rxf8+ Qxf8 18. Rf1 Qd8 19. Qg4 Bxc2 20. Bd5 Nc6
21. Bxc6 Nxe5 22. Qe6 Nxc6 23. Qxc6 Rc8 24. Bb6 Qe8 25. Qxe8+ Rxe8 26. b3 Bf6
27. Bc5 a5 28. Bb6 h6 29. h3 Re6 30. Bxa5 Bd4+ 31. Kh2 Re2 32. Bb6 Be4 33. Bxd4
Rxg2+ 34. Kh1 Rxa2+ 35. Kg1 Rg2+ 36. Kh1 Rd2+ 37. Kg1 Rxd4 38. Rf4 g5 39. Rg4
Rd1+ 40. Kf2 Bf5 41. Rxb4 Bxh3 42. Nc5 Bf5 43. Rb7 h5 44. Na4 h4 45. Nc3 Rd2+
46. Ke1 Rd3 47. Nd1 Rg3 48. Nf2 Bc2 49. b4 h3 50. Rc7 Ba4 51. Kd2 h2 52. Rc3
Rxc3 53. Kxc3 g4 54. Nh1 Bc6 55. Ng3 h1=Q 56. Nxh1 Bxh1 57. Kd4 g3 58. Ke3 Bb7
59. Kd4 0-1